Manejo del weguer y otros recursos de uso artesanal en el bajo San Juan (Registro nro. 3476)

Detalles MARC
000 -CABECERA
Campo de control 01384nam a2200409 a 4500
005 - FECHA Y HORA DE LA ULTIMA TRANSACCION
Campo de control 20160120030056.0
008 - ELEMENTOS DE LONGITUD FIJA—INFORMACION GENERAL
Campo de control 140311r2001 ck ||||gr|||| 00| 0 spa d
040 ## - FUENTE DE CATALOGACIÓN
Agencia catalogadora original CO-BoIAVH
Agencia transcriptora CO-BoIAVH
041 ## - IDIOMA
Código de idioma para texto/pista de sonido o título separado Español
044 ## - PAÍS DE PUBLICACIÓN
País de publicación Colombia
082 #4 - NUMERO DE CLASIFICACION DECIMAL DEWEY
Número de clasificación 338.477455
Número del ítem P34m
100 1# - ASIENTO PRINCIPAL--NOMBRE PERSONAL
Nombre personal Peña, Celso
245 1# - MENCION DE TITULO
Título Manejo del weguer y otros recursos de uso artesanal en el bajo San Juan
260 ## - PUBLICACION, DISTRIBUCION, ETC. (PIE DE IMPRENTA)
Lugar de publicación, distribución, etc. Bogotá
Nombre del editor, distribuidor, etc. Artesanías de Colombia
-- Fundación FES
Fecha de publicación, distribución, etc. 2001
300 ## - DESCRIPCION FISICA
Extensión 43 paginas.:
Otros detalles físicos ilustraciones.;
Dimensiones 21 x 21 cm
650 #4 - ASIENTO SECUNDARIO DE MATERIA - TERMINO TEMATICO
Término temático o nombre geográfico como elemento de entrada Artesanías
650 #4 - ASIENTO SECUNDARIO DE MATERIA - TERMINO TEMATICO
Término temático o nombre geográfico como elemento de entrada Comunidad Wounaan
650 #4 - ASIENTO SECUNDARIO DE MATERIA - TERMINO TEMATICO
Término temático o nombre geográfico como elemento de entrada Cestería
650 #4 - ASIENTO SECUNDARIO DE MATERIA - TERMINO TEMATICO
Término temático o nombre geográfico como elemento de entrada Especies promisorias
650 #4 - ASIENTO SECUNDARIO DE MATERIA - TERMINO TEMATICO
Término temático o nombre geográfico como elemento de entrada Plantas medicinales
650 #4 - ASIENTO SECUNDARIO DE MATERIA - TERMINO TEMATICO
Término temático o nombre geográfico como elemento de entrada Plantas de fibra
650 #4 - ASIENTO SECUNDARIO DE MATERIA - TERMINO TEMATICO
Término temático o nombre geográfico como elemento de entrada Uso sostenible de la biodiversidad
662 ## - ASIENTO SECUNDARIO DE MATERIA - JERARQUIA DEL NOMBRE DE LUGAR(
País o entidad mayor Colombia
Jurisdicción política intermedia Río San Juan
Jurisdicción política de primer orden Chocó, Valle del Cauca
700 1# - ASIENTO SECUNDARIO - NOMBRE PERSONAL
Nombre personal Tovar, Jairo
700 1# - ASIENTO SECUNDARIO - NOMBRE PERSONAL
Nombre personal Usma Oviedo, Marta
700 1# - ASIENTO SECUNDARIO - NOMBRE PERSONAL
Nombre personal Málaga, Nolberta
700 1# - ASIENTO SECUNDARIO - NOMBRE PERSONAL
Nombre personal Giraldo, Luisa Fernanda
700 1# - ASIENTO SECUNDARIO - NOMBRE PERSONAL
Nombre personal Jaramillo, María Fernanda
700 1# - ASIENTO SECUNDARIO - NOMBRE PERSONAL
Nombre personal Delgadillo, Olga Lucía
700 1# - ASIENTO SECUNDARIO - NOMBRE PERSONAL
Nombre personal Ruán, Sergio
700 1# - ASIENTO SECUNDARIO - NOMBRE PERSONAL
Nombre personal Campos, Claudia
700 1# - ASIENTO SECUNDARIO - NOMBRE PERSONAL
Nombre personal Castellanos , Nydia
700 1# - ASIENTO SECUNDARIO - NOMBRE PERSONAL
Nombre personal González Vizya, Claudia Elena
700 1# - ASIENTO SECUNDARIO - NOMBRE PERSONAL
Nombre personal Henao, Clara Inés
942 ## - ELEMENTOS ADICIONALES (KOHA)
Tipo de ítem Libro
Sistema de clasificación Dewey Decimal Classification
945 ## - PROCESAMIENTO LOCAL
AAAA-MM-DD - Fecha de ingreso o modificacion 2003-11-04
Existencias
Withdrawn status Lost status Sistema de Clasificación Damaged status No para préstamo Colección Inventariado Ubicación Permanente Ubicación actual Fecha de adquisición Fuente de Valor Valor Total Checkouts Número topográfico Inventario / Código de Barras Date last seen Ejemplar Price effective from Forma de adquisición Tipo de material
    Dewey Decimal Classification     General Inventariado 2017 Bogotá Bogotá 03/01/2005 Instituto 39000.00   LB-338.477455 P34m 015115 04/12/2012 Ej.1 04/12/2012   Libro
    Dewey Decimal Classification     General Inventariado 2017 Sala Fabio Quevedo Sala Fabio Quevedo 06/02/2004 Instituto 39000.00   LB-338.477455 P34m 015265 04/12/2012 Ej. 2 04/12/2012 Donación Libro